002720000a220007300045001000018000002450088000183000046001067730046001521 aDorr, Darrell10aRejoicing in the day of samll beginnings : The U.S. society for fronteir missiology aVol. 2, Núm 3 (1985), Páginas 195-1960 tInternational Journal of Frontier Misions